000 00346nam a22001457a 4500
020 _qPB.
040 _cFIZZA ISHAQ
082 _a005.452
_bRON
100 _aMAK, RONALD.
_989142
245 _aWRITING COMPILERS INTERPRETERS /
_cRONALD MAK.
250 _a3rd ED.
260 _aCANADA ;
_bWILEY,
_c2009.
300 _a840 P. ;
942 _2ddc
_cBK
999 _c587962
_d587962